[Event "East Kilbride Weekly op 4th"]
[Site "East Kilbride"]
[Date "2011.05.19"]
[Round "3"]
[White "Gosetti, Piero"]
[Black "MacQueen, Andrew"]
[Result "0-1"]
[WhiteElo "1313"]
[BlackElo "1715"]
[PlyCount "110"]
[EventDate "2011.05.??"]
[EventType "swiss"]
[EventRounds "5"]
[EventCountry "SCO"]
[SourceTitle "EXT 2023"]
[Source "ChessBase"]
[SourceDate "2022.10.05"]
[SourceVersion "1"]
[SourceVersionDate "2022.10.05"]
[SourceQuality "1"]

1. e4 c5 2. Nf3 d6 3. d4 cxd4 4. Nxd4 Nf6 5. Nc3 g6 6. Be2 Bg7 7. 0-0 0-0 8. h3 Nc6 9. Nf3 Bd7 10. a3 Rc8 11. Rb1 a6 12. Bg5 Na5 13. Qd2 Nc4 14. Bxc4 Rxc4 15. Bh6 Nxe4 16. Nxe4 Rxe4 17. Bxg7 Kxg7 18. Rfe1 Rxe1+ 19. Rxe1 Bc6 20. Nh2 h5 21. Nf1 Qd7 22. Qg5 f6 23. Qd2 Rf7 24. c3 Qf5 25. Ng3 Qd5 26. Qxd5 Bxd5 27. Nf1 Bc6 28. Nd2 e5 29. f3 Rd7 30. Kf2 f5 31. Nf1 Kf6 32. Ne3 d5 33. g4 hxg4 34. hxg4 f4 35. Nc2 Rh7 36. Kg2 e4 37. Nd4 e3 38. Kg1 Ke5 39. Kg2 Bd7 40. Kg1 Rh3 41. Kg2 Rh8 42. Kg1 Rc8 43. Kg2 Rc4 44. Kg1 a5 45. Kg2 b5 46. Nb3 a4 47. Nd2 Rc8 48. Nb1 Be6 49. Kg1 d4 50. cxd4+ Kxd4 51. Nc3 Bc4 52. Kg2 Kd3 53. Re2 Bb3 54. Kf1 g5 55. Ke1 Rh8 0-1